000 00796nam a2200277Ia 4500
003 OSt
005 20220918164732.0
006 a|||||r|||| 00| 0
007 ta
008 220917b |||||||| |||| 00| 0 eng d
020 _a0745300456 (hbk)
024 _a14,584
037 _cTextual
040 _aARTS
_cARTS
_beng
041 _2eng
_aeng
082 _aV630gY7, N0 (906)
100 _aDavis Dennis
_920393
245 0 _aBeyond Apartheid
_b Labour and liberation in South Africa
260 _aLondon
_bPluto Press
_c1990
300 _axiii,338p.
_ccm.
500 _aBibliography 320-32p; Includes index
650 _aHISTORY
700 _a Fine Robert
_920394
942 _hV630gY7, N0 (906)
_cTEXL
_2CC
999 _c126274
_d126274